00677cam a22002173a 450000100060000000300060000600500170001200800410002904000150007004200070008505000070009210000340009924500840013326000290021750600300024651600200027665300460029665300460034283000290038885600420041719704PGUSA20140828083422.0061102s2006||||xxu|||||s|||||000 | eng d aPGUSAbeng adc 4aPB1 aRichards, William,d1749-181812aA Pocket Dictionary :bWelsh-Englishh[electronic resource] /cWilliam Richards bProject Gutenberg,c2006 aPublic domain in the USA. aElectronic text aWelsh language -- Dictionaries -- English aEnglish language -- Dictionaries -- Welsh 0aProject Gutenbergv1970440uhttp://www.gutenberg.org/ebooks/19704